| 000 | 00682cab a22001815a 4500 | ||
|---|---|---|---|
| 001 | L158039 | ||
| 008 | 140203e2014 xxk 000 0 eng d | ||
| 035 | _a(Sirsi) u158039 | ||
| 041 | 0 | _aeng | |
| 245 | 0 | 0 | _aIntelligence PropertyData.com investment league tables |
| 260 | _c2014 | ||
| 490 |
_aProperty Week _v80(4) 31 January 2014, 30-31(2) |
||
| 520 | _aLeague table of UK commercial agents reveals that whilst some firms double or treble transactional volumes in 2013 other remain static on 2012 values. Compares 2013 rankings and 2012 for offices, retail and industrial. | ||
| 590 | _aKA | ||
| 651 | 4 |
_aUnited Kingdom _y |
|
| 690 |
_aCommercial property _96227 |
||
| 942 | _n0 | ||
| 999 |
_c84514 _d84514 |
||